000 00650nam a22002051i 4500
001 000030698
003 RuMoIPM
005 20260601111037.0
008 130115s1971----ur | c rus
040 _aRuMoIPM
_brus
_ercr
041 0 _arus
080 _a511(07)
100 1 _aАндронов, Иван Козьмич
245 1 _aАрифметика рациональных чисел
_cИ. К. Андронов, А. К. Окунев
260 _aМосква
_bПросвещение
_c1971
300 _a399 с.
_bил.
504 _aБиблиогр.: с. 393
700 1 _aОкунев, Александр Кузьмич
942 _cBK
999 _c30698
_d30698